Flagi europy XVIII wieku - Statystyki

Ogólne statystyki
  • Ten quiz został rozwiązany 192 razy
  • Średni wynik to 8 z 15
Statystyki odpowiedzi
Obrazkowy Odpowiedź % Poprawnych
Wielka Brytania
99%
Cesarstwo Rosyjskie
92%
Imperium Osmańskie
80%
Królestwo Hiszpani
78%
Monarchia Habsburgów
73%
Królestwo Portugalii
72%
Królestwo Prus
70%
Rzeczpospolita Obojga Narodów
69%
Republika Wenecka
40%
Święte Cesarstwo Rzymskie
40%
Elektorat Saksonii
36%
Elektorat Bawarii
28%
Królestwo Sardynii
20%
Republika Zjednoczonych Prowincji
16%
Królestwo Obojga Sycylii
14%
Nie znaleziono quizów pasujących do podanych kryteriów
Rozkład punktacji
Procent ludzi z każdym wynikiem
Percentyl według liczby udzielonych odpowiedzi
Twoja historia wyników
Nie rozwiązałeś tego quizu